000 00576cam a2200217 a 4500
001 2861851
005 20180115071822.0
008 851017t19861985ctua b 001 0 eng
010 _a 85052037
020 _a0300035497
040 _aDLC
_cDLC
_dDLC
041 _aeng
080 _a152.335 BEA
082 0 0 _a152.335 BEA
_219
100 1 _a24
101 _aFIL
245 1 0 _aLeft side, right side :
_cAlan Beaton.
504 _aBibliography: p. [294]-359.
906 _a7
_bcbc
_corignew
_d3
_eocip
_f19
_gy-gencatlg
942 _2ddc
_cBK
999 _c40272
_d40272